The noble scholar, jurist, historian


 His Excellency Dr. Abdul Wahhab bin Ibrahim Abu Sulaiman, may Allah have mercy on him.


 He was born in Umm Al-Qura in the year 1356 AH.

كتاب تعريف أهل التقديس بمراتب الموصوفين بالتدليس / (Record no. 9133)

MARC details
000 -LEADER
fixed length control field 01601cam a2200313 i 4500
003 - CONTROL NUMBER IDENTIFIER
control field SA-RiAUC
005 - DATE AND TIME OF LATEST TRANSACTION
control field 20250624110134.0
008 - FIXED-LENGTH DATA ELEMENTS--GENERAL INFORMATION
fixed length control field 250623s1993 su g b 000r0cara c
024 0# - OTHER STANDARD IDENTIFIER
Standard number or code 33000000002064
040 ## - CATALOGING SOURCE
Original cataloging agency SA-JeALM
Language of cataloging ara
Transcribing agency SA-RiAUC
Description conventions rda
082 04 - DEWEY DECIMAL CLASSIFICATION NUMBER
Classification number 234.4
Assigning agency SA-RiAUC
090 ## - LOCALLY ASSIGNED LC-TYPE CALL NUMBER (OCLC); LOCAL CALL NUMBER (RLIN)
Classification number (OCLC) (R) ; Classification number, CALL (RLIN) (NR) 234.4
Local cutter number (OCLC) ; Book number/undivided call number, CALL (RLIN) ا ب ن ح
100 1# - MAIN ENTRY--PERSONAL NAME
Personal name ابن حجر العسقلاني، أحمد بن علي بن محمد،
Dates associated with a name 773-852 هجري
Relator term مؤلف.
245 10 - TITLE STATEMENT
Title كتاب تعريف أهل التقديس بمراتب الموصوفين بالتدليس /
Statement of responsibility, etc. تأليف الحافظ ابن حجر العسقلاني ؛ قدم له وحققه وعلق عليه الدكتور أحمد بن علي سير المباركي.
246 30 - VARYING FORM OF TITLE
Title proper/short title تعريف أهل التقديس بمراتب الموصوفين بالتدليس
250 ## - EDITION STATEMENT
Edition statement الطبعة الاولى.
264 #1 - PRODUCTION, PUBLICATION, DISTRIBUTION, MANUFACTURE, AND COPYRIGHT NOTICE
Place of production, publication, distribution, manufacture الرياض :
Name of producer, publisher, distributor, manufacturer احمد بن علي سير المباركي،
Date of production, publication, distribution, manufacture, or copyright notice 1993
300 ## - PHYSICAL DESCRIPTION
Extent 202 صفحة ؛
Dimensions 24 سم
336 ## - CONTENT TYPE
Content type term نص
Content type code txt
Source rdacontent
Materials specified كتاب
337 ## - MEDIA TYPE
Media type term بدون وسيط
Media type code n
Source rdamedia
338 ## - CARRIER TYPE
Carrier type term مجلد
Carrier type code nc
Source rdacarrier
500 ## - GENERAL NOTE
General note الكتاب حقق على أربع نسخ مخطوطة.
500 ## - GENERAL NOTE
General note اهداء من المحقق احمد بن علي المباركي بتاريخ 23 / 8 / 1423 هـ
504 ## - BIBLIOGRAPHY, ETC. NOTE
Bibliography, etc. note ببليوجرافية : صفحة 188-191.
650 #7 - SUBJECT ADDED ENTRY--TOPICAL TERM
Topical term or geographic name entry element الحديث
General subdivision تراجم الرواة المدلسون
Source of heading or term aucsh
700 1# - ADDED ENTRY--PERSONAL NAME
Personal name المباركي، أحمد بن علي بن أحمد سير،
Dates associated with a name 1368 هجري-
Relator term محقق.
942 ## - ADDED ENTRY ELEMENTS (KOHA)
Source of classification or shelving scheme Dewey Decimal Classification
Koha item type Books
Suppress in OPAC No
949 ## - LOCAL PROCESSING INFORMATION (OCLC)
a SA-JeALM
d 250623
u osman123
n 1
Holdings
Withdrawn status Lost status Source of classification or shelving scheme Damaged status Not for loan Collection Home library Current library Date acquired Total checkouts Full call number Barcode Date last seen Price effective from Koha item type
    Dewey Decimal Classification     اهداء DR AbdElwahab Library DR AbdElwahab Library 06/24/2025   234.4 ا ب ن ح 000014915 06/24/2025 06/24/2025 Books